Statistics for Anagrams #8

Click here to take the quiz!

General Stats

  • This quiz has been taken 77 times
  • The average score is 4 of 5

Answer Stats

word% Correct
started
100%
beats
89%
beast
75%
baste
63%
betas
41%

Score Distribution

Percentile by Number Answered

Percent of People with Each Score

Your Score History

You have not taken this quiz